000 00810nam a2200217Ia 4500
003 GCL
005 20240530103142.0
008 140319s9999 xx 000 0 ara d
040 _aGCL /
_cGCL
082 0 4 _a461
_bك ف
100 1 _aكمال ابوديب
245 1 0 _aفى البنية الايقاعية للشعر العربى :
_bنحو بديل جذرى لعروض الخليل ومقدمة فى علم الايقاع المقارن /
_cكمال ابوديب
260 _a[ العراق ] :
_bدار الشئون الثقافية ،
_c1987
300 _a550
650 0 4 _aالشعر العربى
650 0 4 _aالاوزان الشعرية
650 0 4 _aاللغة العربية
650 0 4 _aالتفعيلات الشعرية
650 0 4 _aالعروض والقوافى
942 _2ddc
_cBK
999 _c37190
_d37190